[Event "Superbet Blitz GCT 2019"]
[Site "Bucharest"]
[Date "2019.11.09"]
[Round "6"]
[White "So, Wesley"]
[Black "Le, Quang Liem"]
[Result "0-1"]
[WhiteElo "2760"]
[BlackElo "2713"]
[Annotator "TA"]
[PlyCount "124"]
[EventDate "2019.11.09"]
[EventType "tourn"]
[EventCountry "ROU"]
[SourceTitle "playchess.com"]
[Source "ChessBase"]
[SourceQuality "1"]

{[%evp 16,124,26,25,29,20,21,22,32,25,33,43,31,5,0,2,16,12,18,15,29,31,36,33,47,14,18,13,14,21,21,11,10,6,6,6,6,7,20,20,13,-89,-89,-93,-93,-89,-86,-95,-106,-103,-62,-76,-51,-58,-9,-49,-26,-36,-37,-43,-50,-41,-28,-34,-4,-6,-4,-5,0,0,0,0,0,0,0,0,0,0,0,0,0,0,0,0,0,0,0,0,0,0,0,0,0,0,0,0,0,0,0,0,0,0,0,0,0,-29980,-12851,-29982,-29983,-12851,-27999]} 1. Nf3 d5 2. c4 dxc4 3. e3 Nf6 4. Bxc4 e6 5. O-O a6 6. d4 c5 7. dxc5 Qxd1 8. Rxd1 Bxc5 9. Be2 Nbd7 {D27: Queen's Gambit Accepted: Classical main line: 7 e4!? and 7 a4} 10. Nc3 b5 11. Nd4 Bb7 {The position is equal.} 12. Nb3 O-O $146 ({Predecessor:} 12... Bb4 13. Bd2 O-O 14. a4 bxa4 15. Nxa4 a5 16. Bxb4 axb4 17. f3 Bc6 18. Nac5 Rxa1 19. Rxa1 Nxc5 20. Nxc5 {½-½ (34) Fressinet,L (2655)-Guliyev,N (2533) Le Port Marly 2019}) 13. Na5 Rab8 {[%cal Ba8b8,Bb8b7,Bb7c7][%mdl 32]} 14. Nxb7 Rxb7 15. Bd2 Nb6 16. Rac1 Rc7 17. Nb1 {[%cal Bc3b1,Bb1d2,Bd2b3][%mdl 32]} Nbd5 18. Bf3 Rfc8 19. Ba5 Rc6 20. Nd2 Bb6 21. Rxc6 Rxc6 22. Bxb6 Rxb6 23. Nb3 g5 24. Rc1 Nb4 25. a3 Nd3 26. Rc2 Rd6 27. Rd2 Ne8 28. Bb7 {[#]} (28. Nd4 $11 {keeps the balance.}) 28... Nxb2 $1 $17 {[%mdl 512]} 29. Bxa6 (29. Rxb2 Rd1#) 29... Nc4 30. Rxd6 Nexd6 {[%mdl 4096] Endgame KBN-KNN} 31. Kf1 Nxa3 32. Nd4 b4 33. Ke2 e5 34. Nb3 e4 35. Nc5 Kg7 36. Kd2 f5 37. Kc1 Nac4 38. Kc2 Ne5 39. Be2 Kf6 40. Kb3 Nc6 41. Na6 f4 42. Nxb4 Nxb4 43. Kxb4 fxe3 44. fxe3 $11 {KB-KN} Nf5 45. Kc3 $1 Nxe3 46. Kd4 Nxg2 47. Kxe4 Nf4 48. Bd1 Ne6 49. h4 gxh4 50. Kf3 Kg5 {Strongly threatening ...Nf4.} (50... Nc7 $5) 51. Kg2 Nf4+ 52. Kh2 h6 (52... Nd3 $5) 53. Bf3 Ng6 {And now ...Nf4 would win.} 54. Be4 Ne5 {Hoping for ...Nd7.} 55. Ba8 Kg4 {...Nd3 is the strong threat.} 56. Bd5 Nd3 {Threatens to win with ...Kf5.} 57. Be6+ Kg5 {White must now prevent ...Nf4.} 58. Bd5 h3 59. Bb7 Kh4 60. Bc8 $2 {[%mdl 8192] [#]} (60. Bf3 $11) 60... Nf2 $19 61. Be6 h5 62. Kg1 Kg3 {Accuracy: White = 76%, Black = 69%.} 0-1

[Event "Superbet Blitz GCT 2019"]
[Site "Bucharest"]
[Date "2019.11.09"]
[Round "6"]
[White "Karjakin, Sergey"]
[Black "Anand, Viswanathan"]
[Result "1-0"]
[WhiteElo "2754"]
[BlackElo "2757"]
[Annotator "TA"]
[PlyCount "87"]
[EventDate "2019.11.09"]
[EventType "tourn"]
[EventCountry "ROU"]
[SourceTitle "playchess.com"]
[Source "ChessBase"]
[SourceQuality "1"]

{[%evp 11,87,0,0,-4,-5,0,15,0,0,0,0,0,21,0,0,0,0,0,27,24,33,23,33,28,29,29,85,83,87,76,86,74,86,91,112,123,112,107,164,166,210,210,216,225,212,93,96,0,170,161,156,159,158,156,162,167,234,228,228,217,321,312,355,344,330,315,439,359,869,850,1285,1254,1291,1272,2564,843,6087,4618]} 1. e4 e5 2. Nf3 Nc6 3. Bb5 Nf6 4. d3 Bc5 5. O-O Nd4 6. Nxd4 Bxd4 7. c3 {C65: Ruy Lopez: Berlin Defence (3...Nf6), unusual lines and 4 0-0 Bc5} Bb6 8. Ba4 O-O 9. Bg5 {The position is equal.} d6 (9... c6 10. Nd2 d6 11. Kh1 h6 12. Bh4 g5 13. Bg3 Be6 14. Bb3 Qe7 {1-0 (43) Karjakin,S (2753)-Anand,V (2773) Kolkata 2018}) 10. Nd2 h6 11. Bh4 Bg4 (11... g5 $5 12. Bg3 $8 Bg4 $11) 12. Qe1 g5 13. Bg3 $1 Nh5 14. Bd1 Bxd1 15. Qxd1 {[#]} Ng7 $146 ({Predecessor:} 15... Nxg3 16. hxg3 {½-½ (47) Caruana,F (2828)-Robson,R (2667) chess.com INT 2019}) 16. Nc4 f5 17. exf5 Nxf5 18. a4 a6 (18... Qf6 $11 {keeps the balance.}) 19. Qb3 $36 {[%mdl 2048] White is on the roll.} Kh8 20. Nxb6 cxb6 21. Rfe1 h5 22. f3 Nxg3 23. hxg3 g4 24. fxg4 {aiming for Rf1.} hxg4 (24... h4 $16 {keeps fighting.} 25. Qe6 Rf6) 25. Re4 $18 Qd7 26. Qxb6 Rf7 27. Qe3 Qf5 28. Qh6+ (28. d4 $18 {has better winning chances.}) 28... Kg8 $16 {And now ...Qf2+ would win.} 29. Qe3 ({White should try} 29. Qd2 $1 $16) 29... Raf8 $2 (29... Kh8 $1 $11 {and Black stays safe.}) 30. Qe2 $18 Qf2+ 31. Qxf2 Rxf2 32. Rxg4+ $16 {[%mdl 4096] Endgame KRR-KRR} Kh7 33. Rb4 Rd2 (33... R8f7 {might work better.} 34. Rd1 Kg6) 34. Rxb7+ $18 Kg6 {[#] intending ...Rff2.} 35. Rf1 $1 {[%cal Rf1f8]} Rxf1+ (35... Re8 $142 36. Rb6 Rxd3 37. Rxa6 e4) 36. Kxf1 {KR-KR} Kf5 37. Rb6 Rxd3 38. Rxa6 Rd2 39. Rb6 e4 $2 (39... Rd1+ 40. Ke2 Rg1 41. Rxd6 Rxg2+ 42. Kf3 Rxb2 43. g4+ Kg5) 40. a5 {[%cal Ba4a5,Ba5a6][%mdl 32] White is clearly winning.} e3 41. Rb4 Rf2+ 42. Ke1 Rxg2 {[#]} 43. Ra4 (43. g4+ $142 $1 Ke5 (43... Rxg4 44. Rxg4) 44. Ra4 Rxb2 45. a6) 43... Rxb2 44. a6 {Accuracy: White = 71%, Black = 30%.} 1-0

[Event "Superbet Blitz GCT 2019"]
[Site "Bucharest"]
[Date "2019.11.09"]
[Round "6"]
[White "Artemiev, Vladislav"]
[Black "Aronian, Levon"]
[Result "0-1"]
[WhiteElo "2731"]
[BlackElo "2772"]
[Annotator "TA"]
[PlyCount "176"]
[EventDate "2019.11.09"]
[EventType "tourn"]
[EventCountry "ROU"]
[SourceTitle "playchess.com"]
[Source "ChessBase"]
[SourceQuality "1"]

{[%evp 12,176,0,0,0,3,0,-4,6,0,0,-1,0,0,10,-5,0,-13,-14,-18,0,0,5,0,0,0,0,0,16,20,18,10,10,6,0,0,6,6,12,4,16,0,2,-19,-22,-27,-37,-67,-52,-48,-41,-39,-46,-92,-33,-34,0,-14,-7,-34,0,-43,-43,-47,0,0,30,31,328,320,322,325,330,294,285,191,365,354,362,358,284,0,0,0,0,0,0,-8,-8,-16,-16,-12,-8,-8,-8,-8,-8,-8,-7,-7,-7,-7,-7,-8,-8,-8,-8,-8,-8,-8,-8,-8,-8,-8,-8,-29966,-29965,-29964,-29966,-29970,-29971,-29971,-29972,-29972,-29969,-29969,-29968,-29968,-29968,-29967,-29967,-29967,-29968,-29967,-29968,-29967,-29969,-29969,-29967,-29965,-29968,-29968,-29965,-29965,-29966,-29970,-29971,-29972,-29973,-29984,-29972,-29972,-29973,-29973,-29975,-29975,-29977,-29977,-29978,-29978,-29979,-29978,-29980,-29980,-29980,-29981,-29982]} 1. c4 Nf6 2. g3 e6 3. Bg2 d5 4. Nf3 Be7 5. O-O O-O 6. cxd5 exd5 7. b3 Bg4 {A14: English Opening: 1...e6 with b3 by White} 8. Bb2 c6 9. d3 Nbd7 {The position is equal.} 10. Nbd2 a5 11. a3 Ne8 $146 ({Predecessor:} 11... Re8 12. Re1 Qb6 13. Bd4 c5 14. Bc3 d4 15. Nc4 Qc7 16. Bd2 b5 17. Bf4 Qc8 18. Nce5 Nxe5 19. Nxe5 Bh3 20. Bxa8 Qxa8 {0-1 (30) Othman,A (2372)-Hakki,I (2428) Tunis 2001}) 12. Qc2 Bf6 13. b4 Nd6 14. Nb3 Bxb2 15. Qxb2 axb4 (15... a4 {is more complex.} 16. Nbd4 Re8 17. Rfc1 Qf6 18. Rab1 Rac8) 16. axb4 Qb6 (16... Bxf3 {feels hotter.} 17. Rxa8 Qxa8 18. Bxf3 Re8 19. e3 Qd8) 17. Qd4 Bxf3 18. Bxf3 Qxd4 19. Nxd4 Rxa1 20. Rxa1 Nb6 21. Rc1 Rc8 22. Kg2 g6 23. g4 Kg7 24. Kg3 Kf6 25. h4 h6 26. e3 Ke7 27. Nb3 Ra8 28. Na5 Nd7 29. Be2 Kd8 30. h5 gxh5 31. gxh5 Kc7 32. Kh2 Rg8 ({Better is} 32... Ra6 $17) 33. Nb3 $15 Nf6 34. Nd4 Kb6 35. Kh3 Rg5 36. f4 Rg8 37. Bf3 Nfe8 38. e4 dxe4 39. dxe4 Ng7 $2 {[%mdl 8192]} ({Black should try} 39... f6 $14) 40. Rg1 $18 Nde8 41. Nf5 Kb5 42. Nxh6 Rf8 43. e5 Kxb4 $2 (43... f6 44. Bg4 Kxb4) 44. Rb1+ Kc5 45. Rxb7 f6 {intending ...fxe5.} 46. Ng4 $2 (46. Nf7 $18) 46... Nxh5 $11 47. exf6 Nxf4+ 48. Kg3 Nh5+ 49. Kf2 (49. Kh2 {is interesting.} Nhxf6 50. Ne5 Rh8+ 51. Kg1 Rg8+ 52. Kh2) 49... Nhxf6 50. Nxf6 Nxf6 {[%mdl 4096] Endgame KRB-KRN} 51. Ke2 Nd5 52. Bxd5 Kxd5 {KR-KR} 53. Rb3 Kc4 54. Rb1 Rd8 {Black wants to play ...c5.} 55. Rc1+ Kb5 56. Rb1+ Ka6 57. Ra1+ Kb7 58. Rb1+ Kc7 59. Rc1 Rd5 60. Rc3 Kb6 {...Kb5 is the strong threat.} 61. Rb3+ Ka5 {Hoping for ...c5.} 62. Rc3 Kb5 {Threatens to win with ...c5.} 63. Rb3+ $2 {[%mdl 8192]} (63. Rc1 $11) 63... Kc4 {Black mates.} 64. Rb1 c5 65. Rc1+ Kb3 66. Rb1+ Kc2 67. Rb5 Re5+ 68. Kf3 Kc3 69. Kf4 Kd4 70. Rb1 Re2 71. Rd1+ Kc3 72. Kf3 Re8 73. Rc1+ Kb4 $1 74. Rb1+ Kc4 75. Rc1+ {[#]} Kb5 $1 76. Rb1+ Kc6 77. Rc1 Re7 78. Rc3 Kb5 79. Rc2 c4 80. Re2 Rd7 81. Rb2+ Ka4 82. Ke2 c3 83. Rb8 Ka3 84. Rb6 c2 85. Rc6 Kb2 86. Rb6+ {[#]} Kc1 $1 87. Rc6 Re7+ 88. Kd3 Kd1 {Accuracy: White = 51%, Black = 56%.} 0-1

[Event "Superbet Blitz GCT 2019"]
[Site "Bucharest"]
[Date "2019.11.09"]
[Round "7"]
[White "Aronian, Levon"]
[Black "So, Wesley"]
[Result "1-0"]
[WhiteElo "2772"]
[BlackElo "2760"]
[Annotator "TA"]
[PlyCount "59"]
[EventDate "2019.11.09"]
[EventType "tourn"]
[EventCountry "ROU"]
[SourceTitle "playchess.com"]
[Source "ChessBase"]
[SourceQuality "1"]

{[%evp 15,59,0,32,28,34,26,23,21,31,18,27,19,39,20,33,-10,10,16,21,-8,65,66,89,86,179,119,173,164,170,156,166,65,356,346,413,389,1036,1028,1141,1087,1073,901,963,896,827,795]} 1. e4 c5 2. Nf3 d6 3. d4 cxd4 4. Nxd4 Nf6 5. Nc3 a6 6. f3 $146 ({Predecessor:} 6. Be3 e5 7. Nb3 Be6 {1-0 (57) Vidit,S (2707)-Korobov,A (2678) Poikovsky 2018}) 6... e5 7. Nb3 Be6 8. Be3 h5 (8... Nbd7 {is interesting.} 9. Qd2 b5 10. O-O-O Be7 11. a3 h5) 9. Nd5 {B90: Sicilian Najdorf: Unusual White 6th moves, 6 Be3 Ng4 and 6 Be3 e5} Bxd5 10. exd5 Nbd7 11. Qd2 {White has an edge.} g6 12. O-O-O Nb6 13. Kb1 Nbxd5 14. Bg5 Be7 $1 15. Bd3 {[%mdl 1024] White has compensation.} Rc8 16. Rhe1 O-O 17. h4 Nb6 (17... Qd7 $1 $11) 18. g4 $1 $14 Nc4 19. Qg2 Kh8 (19... b5 $16 {is a better defense.}) 20. Nd2 ({Better is} 20. c3 $18) 20... b5 (20... Nb6 $16 {was worth a try.}) 21. Bxc4 $1 $18 bxc4 22. Bxf6+ $1 Bxf6 23. Ne4 (23. gxh5 $1 $18 {Hoping for Ne4.} d5 24. Ne4 $1 {[%mdl 512]} (24. hxg6 Qe8 $16)) 23... Bg7 $2 {[%mdl 8192]} ({Black should play} 23... Bxh4 $14 24. Rg1 d5) 24. Nxd6 Qa5 {Black wants to play ...c3.} 25. Nxc8 c3 $2 (25... Rxc8 26. c3 e4 27. Rxe4 Bxc3) 26. Nd6 {White is clearly winning.} Rc8 27. Re4 (27. Nxc8 $2 {[#] too greedy.} Qb4 $1 $19 {[%mdl 512]}) 27... Rc6 28. Qe2 Qb6 29. Nxf7+ {[%mdl 64] Double Attack} Kg8 30. b3 {Accuracy: White = 67%, Black = 27%.} 1-0

[Event "Superbet Blitz GCT 2019"]
[Site "Bucharest"]
[Date "2019.11.09"]
[Round "7"]
[White "Mamedyarov, Shakhriyar"]
[Black "Karjakin, Sergey"]
[Result "0-1"]
[WhiteElo "2772"]
[BlackElo "2754"]
[Annotator "TA"]
[PlyCount "42"]
[EventDate "2019.11.09"]
[EventType "tourn"]
[EventCountry "ROU"]
[SourceTitle "playchess.com"]
[Source "ChessBase"]
[SourceQuality "1"]

{[%evp 12,42,7,13,18,0,0,0,0,0,0,0,0,0,0,0,0,0,0,0,36,48,63,20,86,-443,-414,-817,-797,-822,-815,-1918,-1893]} 1. d4 Nf6 2. c4 e6 3. Nc3 Bb4 4. Qc2 d5 5. cxd5 Qxd5 6. Nf3 Qf5 7. Qb3 Nc6 {E34: Nimzo-Indian: Classical: 4...d5} 8. e3 (8. Bd2 O-O 9. h3 Bxc3 10. Bxc3 b6 11. g4 Qd5 12. Qc2 Bb7 13. Bg2 Qd6 14. Rd1 Nb4 15. Qb3 {0-1 (39) Vallejo Pons,F (2695)-Harikrishna,P (2725) St Petersburg 2018}) (8. Bd2 O-O 9. Rc1 Bd6 10. h3 e5 11. g4 Qd7 12. g5 exd4 13. gxf6 dxc3 14. Bxc3 Re8 15. Rd1 {0-1 (43) Mamedyarov,S (2757)-Karjakin,S (2756) Beijing 2013}) 8... O-O 9. Be2 a5 {[%cal Ba7a5,Ba5a4][%mdl 32] The position is equal.} 10. a3 $146 ({Predecessor:} 10. O-O e5 11. dxe5 Nxe5 12. Nh4 Qe6 13. Qc2 Bd7 14. Bd2 Bc6 15. a3 {½-½ (15) Maksimenko,A (2500)-Romanishin,O (2600) Koszalin 1998}) 10... a4 11. Qc4 Bxc3+ 12. Qxc3 e5 13. dxe5 Ne4 14. Qc2 {Threatens to win with Bd3.} Nxe5 15. Qxc7 Nxf3+ (15... Ra5 $5) 16. gxf3 Nc5 17. e4 Qh5 {[#]} (17... Nd3+ $1 $11 18. Kd2 (18. Bxd3 Qxf3 19. Rg1 Qxd3 $11) 18... Qf4+ 19. Qxf4 Nxf4) 18. f4 $2 {[%mdl 8192] [#]} (18. Be3 $1 $16 {[%cal Re3c5] stays on course.} Nb3 19. Rd1) 18... Bg4 $1 $19 {[%cal Rg4e2][%mdl 64] Overworked Piece} 19. Bxg4 (19. Be3 $142 Rac8 20. Bxg4 Qxg4 21. Qxc5 Rxc5 22. Bxc5) 19... Nd3+ {Black is clearly winning.} 20. Kf1 Qxg4 21. Qc3 {[#]} Qf3 $1 {[%mdl 576] Double Attack. Accuracy: White = 30%, Black = 73%.} 0-1

[Event "Superbet Blitz GCT 2019"]
[Site "Bucharest"]
[Date "2019.11.09"]
[Round "7"]
[White "Anand, Viswanathan"]
[Black "Artemiev, Vladislav"]
[Result "1-0"]
[WhiteElo "2757"]
[BlackElo "2731"]
[Annotator "TA"]
[PlyCount "81"]
[EventDate "2019.11.09"]
[EventType "tourn"]
[EventCountry "ROU"]
[SourceTitle "playchess.com"]
[Source "ChessBase"]
[SourceQuality "1"]

{[%evp 15,81,32,55,25,39,10,19,8,14,11,12,0,16,15,15,12,8,0,54,33,59,51,85,102,100,64,71,67,82,63,63,63,63,70,75,66,54,51,90,91,91,90,84,48,97,45,162,172,262,239,266,268,266,262,266,245,320,319,324,315,450,396,435,422,425,415,956,924]} 1. e4 c5 2. Nf3 e6 3. d4 cxd4 4. Nxd4 a6 5. Bd3 Bc5 6. Nb3 Ba7 7. Qe2 Nc6 8. Be3 Nge7 9. N1d2 {B42: Sicilian: Kan Variation: 5 Bd3} O-O 10. f4 (10. O-O Ne5 11. Bxa7 Rxa7 12. f4 Nxd3 13. cxd3 a5 14. Qf2 Ra6 15. Nd4 d6 16. Rac1 Bd7 {1-0 (57) Anand,V (2759)-Caruana,F (2816) Leuven 2018}) 10... Bxe3 11. Qxe3 {The position is equal.} Nb4 $146 ({Predecessor:} 11... d6 12. O-O-O b5 13. Kb1 Qc7 14. Nf3 f6 15. g4 e5 16. f5 d5 17. exd5 Nxd5 {0-1 (56) Aliavdin,N (2392)-Sakovich,I (2218) Pardubice 2011}) 12. a3 Nxd3+ 13. Qxd3 d5 14. e5 Bd7 15. Nd4 Rc8 16. O-O-O Bb5 ({Better is} 16... Nc6 $11) 17. Qe3 Qc7 {[#] Strongly threatening ...Nf5.} 18. N2f3 Ba4 {[%cal Ra4c2]} 19. Rd2 Qb6 20. Re1 Rc7 21. g4 Rfc8 $1 22. Ree2 Nc6 $1 {[%cal Rc6a5]} 23. Nxc6 Qxe3 $1 24. Rxe3 {Hoping for Ncd4.} Bxc6 25. Nd4 Bd7 26. f5 Re8 27. Rf2 exf5 28. gxf5 Bc8 29. f6 gxf6 30. Rg3+ (30. Rxf6 $16 Kh8 31. c3) 30... Kh8 (30... Kf8 $1 $14) 31. exf6 $18 ({Stronger than} 31. Rxf6 Rxe5 32. c3 Be6 $11) 31... Rg8 (31... h6 $142 32. c3 b5) 32. Rxg8+ Kxg8 {[%mdl 4096] Endgame KRB-KRN} 33. Rg2+ Kf8 34. Rg7 h6 {[#]} 35. Rh7 $1 {[%cal Rh7h8][%mdl 512]} Kg8 36. Rxh6 Rc4 37. c3 Rc7 (37... Be6 {was necessary.} 38. Rh5 Rc8) 38. Kd2 Bg4 39. Rh4 Bd7 40. Rh5 Bc6 (40... Rc8 $142 41. Rxd5 Rc7 42. Rg5+ Kh7 43. Rg7+ Kh6) 41. Nf5 {Accuracy: White = 59%, Black = 42%.} 1-0

[Event "Superbet Blitz GCT 2019"]
[Site "Bucharest"]
[Date "2019.11.09"]
[Round "7"]
[White "Le, Quang Liem"]
[Black "Giri, Anish"]
[Result "1-0"]
[WhiteElo "2713"]
[BlackElo "2776"]
[Annotator "TA"]
[PlyCount "65"]
[EventDate "2019.11.09"]
[EventType "tourn"]
[EventCountry "ROU"]
[SourceTitle "playchess.com"]
[Source "ChessBase"]
[SourceQuality "1"]

{[%evp 19,65,8,4,0,24,20,25,22,31,22,61,60,73,42,62,62,64,64,70,70,84,57,57,58,59,59,123,104,177,182,151,146,237,177,231,258,974,592,596,497,487,504,471,431,588,503,29993,29994]} 1. e4 c5 2. Nc3 d6 3. Nge2 Nf6 4. g3 Nc6 5. Bg2 g6 6. d4 cxd4 7. Nxd4 Nxd4 8. Qxd4 Bg7 9. O-O O-O 10. Qd3 Be6 11. Be3 {B70: Sicilian Dragon: 6 g3 and 6 Be2 (without a later Be3)} (11. Nd5 Rc8 12. c3 a6 13. Re1 Nd7 14. a4 Ne5 15. Qd1 Re8 16. h3 Nc4 17. Kh2 Bd7 18. Re2 b5 19. axb5 Bxb5 {½-½ (74) Karjakin,S (2781)-Topalov,V (2749) Paris 2017}) 11... Ng4 12. Bd4 Ne5 13. Qd1 {White has an edge.} Rc8 14. Nd5 Nc4 $146 ({Predecessor:} 14... Re8 15. f4 Bg4 16. Qd2 Nc4 17. Qf2 Bxd4 18. Qxd4 Be6 {½-½ (26) Cau,B (2184)-Poignot,Q (2119) Besancon 2008}) 15. Bxg7 Kxg7 16. b3 Ne5 17. c4 Nc6 18. Qd2 Re8 19. f4 $36 {[%mdl 2048] White has good play.} Kg8 20. Nc3 Qb6+ 21. Kh1 Qd4 22. Qe1 a6 ({Black should play} 22... f6 $14) 23. Rd1 Qc5 {[#]} (23... Qg7 $16) 24. f5 $1 $18 {[%cal Rf5e6][%mdl 512]} Bd7 (24... gxf5 25. exf5) 25. Nd5 b5 (25... f6 $16 {was worth a try.}) 26. cxb5 axb5 (26... Ne5 $142) 27. Qd2 Qa7 $2 (27... f6 28. fxg6 Kg7 29. gxh7 Bg4) 28. f6 {White threatens Qh6 and mate.} Kh8 29. Qh6 {[%csl Gf6][%cal Rh6g7]} Rg8 30. fxe7 Rg7 31. Rc1 Re8 32. Nf6 {Black must now prevent Nxh7!} Rxe7 (32... Nxe7 $18 33. Nxe8 Bxe8) 33. Nxh7 {Accuracy: White = 88%, Black = 25%.} 1-0

[Event "Superbet Blitz GCT 2019"]
[Site "Bucharest"]
[Date "2019.11.09"]
[Round "7"]
[White "Korobov, Anton"]
[Black "Caruana, Fabiano"]
[Result "1-0"]
[WhiteElo "2670"]
[BlackElo "2822"]
[Annotator "TA"]
[PlyCount "99"]
[EventDate "2019.11.09"]
[EventType "tourn"]
[EventCountry "ROU"]
[SourceTitle "playchess.com"]
[Source "ChessBase"]
[SourceQuality "1"]

{[%evp 16,99,20,18,5,6,14,18,15,8,39,16,36,45,45,18,31,20,23,12,18,7,8,6,45,26,34,33,71,33,52,61,46,46,76,33,43,31,40,26,56,74,222,234,225,184,230,200,239,187,182,23,159,16,72,-33,1045,-81,-20,-508,374,382,424,446,384,370,324,179,180,197,629,658,4444,4049,29973,29975,29971,29972,29972,29972,29987,29988,29988,29986,29998,29990]} 1. d4 Nf6 2. c4 e6 3. Nc3 Bb4 4. e3 O-O 5. Bd3 c5 6. Nf3 d5 7. O-O dxc4 8. Bxc4 Bd7 9. Qe2 cxd4 {E54: Nimzo-Indian: Rubinstein: Main Line: 7...dxc4 8 Bxc4} (9... Bc6 10. Rd1 cxd4 11. Nxd4 Qe7 12. Bd2 a6 13. e4 Rd8 14. Bg5 h6 15. Bh4 Bxc3 16. bxc3 g5 17. Bg3 Bxe4 {0-1 (46) Korobov,A (2687)-Yu,Y (2739) Hengshui 2019}) 10. exd4 Bc6 11. Rd1 Bxc3 $146 {The position is equal.} ({Predecessor:} 11... Nbd7 12. Ne5 Nb6 13. Bd3 Rc8 14. Bg5 Be7 15. Nxc6 bxc6 16. Rac1 Nfd5 17. Bxe7 Qxe7 {0-1 (60) Feige,M (2402)-Krivoborodov,E (2499) Schwarzach 2010}) 12. bxc3 Nbd7 13. Bb3 Qc7 14. c4 Rfe8 15. Bb2 Qf4 16. Qe3 Qf5 17. Ne1 b5 18. c5 a5 19. Nd3 Rab8 20. Bc2 Qh5 21. a3 Red8 22. Rac1 Qg4 {[%csl Gc6][%cal Rg4g2]} 23. f3 Qh4 24. Qd2 Ra8 25. Re1 Nd5 26. Re4 Qe7 27. Rce1 N7f6 28. Ne5 Qc7 (28... Be8 $16) 29. Rh4 $18 Ne7 30. Qf4 {Black must now prevent Bxh7+!} Ned5 31. Qg3 b4 32. a4 b3 {[#]} 33. Bb1 $2 (33. Bxh7+ $1 $18 {[%mdl 512]} Nxh7 34. Qh3) 33... Bxa4 {[#]} (33... g6 $1 $11) 34. Bc1 (34. Bxh7+ $1 $16 {[%mdl 512]} Nxh7 35. Qh3) 34... Be8 (34... g6 $11 {remains equal.}) 35. Bg5 ({White has to play} 35. Bxh7+ $1 $16 Nxh7 36. Qh3) 35... a4 $2 {[%mdl 8192]} (35... g6 $15 36. Be4 h5) 36. Qh3 $2 (36. Bxh7+ $1 $18 Nxh7 37. Qh3) 36... g6 (36... h5 $1 $17 {And now ...a3 would win.} 37. Be4 g6) 37. Ng4 $2 {[%mdl 8192]} (37. f4 $1 $11) 37... Nh5 $4 {[%mdl 8192]} (37... Nxg4 $19 {and all is fine.} 38. fxg4 f6) 38. Rxh5 $1 gxh5 {[#]} 39. Bxh7+ $1 {[%mdl 512]} Kf8 ({Weaker is} 39... Kxh7 40. Qxh5+ Kg8 41. Nf6+ Kf8 42. Qh7 Bb5 43. Rxe6 $1 {[%mdl 512]} Qxh2+ 44. Kxh2 fxe6 45. Bh6#) 40. Qxh5 {[%cal Rh5h6]} f6 41. Bh6+ ({Don't blunder} 41. Qh6+ $2 Qg7 $19) (41. Bg6 $142 {White threatens Qh8+ and mate.} Bxg6 42. Qh8+ {[%mdl 64] Double Attack} Ke7 43. Qg7+ {[%mdl 64] Double Attack} (43. Bxf6+ $2 Kd7 $17) 43... Bf7 44. Nxf6 Nxf6 45. Bxf6+ Ke8 46. Rxe6+ $1 {[%mdl 512]} Bxe6 47. Qxc7) 41... Ke7 {[#]} 42. Qf5 $1 $40 {[%csl Ge1][%cal Rf5e6][%mdl 128] White has strong attack.} Ra6 $2 {[#]} (42... Bf7 43. Nxf6 Nxf6) 43. Bg8 $1 {[%mdl 512] Intending Qh7+ and mate.} Bf7 44. Bxf7 Kxf7 45. Ne5+ {White mates.} Qxe5 46. Qh7+ Ke8 47. dxe5 f5 48. Bg5 Rda8 {[#]} 49. c6 $1 {[%cal Rh7g8]} Kf8 (49... Rxc6 50. Qg8+) 50. Bf6 {Accuracy: White = 33%, Black = 31%.} 1-0